| 000 | 00450nam a22001697a 4500 | ||
|---|---|---|---|
| 003 | OSt | ||
| 008 | 241023b |||||||| |||| 00| 0 eng d | ||
| 020 | _a9781782213918 | ||
| 082 | _a757.4 SCS | ||
| 100 | _aSCOTT, Marylin | ||
| 245 | _aSketching & Drawing Bible: An Essential Reference for the Practising Artist | ||
| 250 | _aReprint, | ||
| 260 |
_aLondon, _bSearch Press Ltd, _c2020, |
||
| 300 | _a192 p. | ||
| 650 | _aB.FAD. | ||
| 942 |
_2ddc _cREF |
||
| 999 |
_c12967 _d12967 |
||